[Event "FINEC 2007 WGM"]
[Site "St. Petersburg RUS"]
[Date "2007.01.28"]
[Round "4.3"]
[White "Kirillova, Varvara"]
[Black "Eidelson, Rakhil"]
[Result "1-0"]
[WhiteElo "2216"]
[BlackElo "2181"]
[PlyCount "133"]
[EventDate "2007.01.25"]
[EventType "tourn"]
[EventRounds "9"]
[EventCountry "RUS"]
[Source "lmi"]
[SourceDate "2007.01.25"]

1. e4 c5 2. Nf3 e6 3. d3 Nc6 4. g3 g6 5. Bg5 Qc7 6. Bg2 Bg7 7. c3 e5 8. Nbd2
Nge7 9. h4 h6 10. Be3 d6 11. Nb3 b6 12. O-O O-O 13. d4 a5 14. d5 Nb8 15. c4 a4
16. Nc1 a3 17. bxa3 Rxa3 18. Ne2 Kh7 19. Qc1 Ra4 20. Nc3 Rxc4 21. Nd2 Rxc3 22.
Qxc3 f5 23. Nb3 Nd7 24. f3 Nf6 25. Bf2 Ba6 26. Rfc1 Qd7 27. Rab1 h5 28. Nd2
fxe4 29. Nxe4 Nfxd5 30. Ng5+ Kh8 31. Qd2 Qf5 32. Ne4 Rd8 33. a3 Kh7 34. Ng5+
Kg8 35. Bh3 Qd3 36. Be6+ Kf8 37. Qxd3 Bxd3 38. Bxd5 Nxd5 39. Ne6+ Ke7 40. Nxd8
Kxd8 41. Rb3 c4 42. Rb5 Bh6 43. f4 Nf6 44. Bxb6+ Kd7 45. Be3 Ng4 46. Bd2 Kc6
47. a4 d5 48. Rb3 e4 49. a5 Bg7 50. Rb6+ Kc7 51. Bc3 Bxc3 52. Rxc3 d4 53. Rc1
e3 54. Rb4 e2 55. a6 Ne3 56. Kf2 Ng4+ 57. Ke1 Ne3 58. a7 Be4 59. Kxe2 Bd5 60.
Ra4 Nf5 61. a8=Q Nxg3+ 62. Ke1 Bxa8 63. Rxa8 c3 64. Ra4 Nf5 65. Ke2 Kc6 66. Kd3
Kc5 67. Ra5+ 1-0

[Event "FINEC 2007 WGM"]
[Site "St. Petersburg RUS"]
[Date "2007.01.28"]
[Round "4.4"]
[White "Golubenko, Valentina"]
[Black "Gromova, Iulia"]
[Result "1/2-1/2"]
[WhiteElo "2261"]
[BlackElo "2255"]
[PlyCount "96"]
[EventDate "2007.01.25"]
[EventType "tourn"]
[EventRounds "9"]
[EventCountry "RUS"]
[Source "lmi"]
[SourceDate "2007.01.25"]

1. d4 Nf6 2. Nf3 g6 3. c4 Bg7 4. g3 c6 5. Bg2 O-O 6. O-O d5 7. Nbd2 Ne4 8. Nxe4
dxe4 9. Ng5 Qxd4 10. Qxd4 Bxd4 11. Rd1 Bg7 12. Nxe4 Be6 13. Nc5 Bxc4 14. Nxb7
Bxe2 15. Re1 Ba6 16. Nc5 e6 17. Bf4 Bd4 18. Nxa6 Nxa6 19. Bxc6 Rad8 20. Rad1
Nb4 21. Bb5 Bc5 22. Rc1 a6 23. Rxc5 axb5 24. Rxb5 Nxa2 25. Kg2 Rd7 26. Ra1 Ra8
27. Be5 f5 28. Rb6 Kf7 29. Bd6 Rda7 30. Rb3 Rc8 31. Bf4 Rc4 32. Be3 Ra8 33.
Rb7+ Kf6 34. Rxh7 e5 35. Rd1 Ra6 36. h4 f4 37. gxf4 exf4 38. Bd4+ Ke6 39. Rg7
Kf5 40. Rf7+ Kg4 41. f3+ Kxh4 42. Bf6+ Rxf6 43. Rxf6 Rc2+ 44. Kg1 g5 45. Rf1
Kg3 46. Rh6 Rxb2 47. Rh5 g4 48. fxg4 Kxg4 1/2-1/2

[Event "FINEC 2007 WGM"]
[Site "St. Petersburg RUS"]
[Date "2007.01.28"]
[Round "4.5"]
[White "Sirotkina, Nina"]
[Black "Petrenko, Svetlana"]
[Result "1-0"]
[WhiteElo "2284"]
[BlackElo "2319"]
[PlyCount "79"]
[EventDate "2007.01.25"]
[EventType "tourn"]
[EventRounds "9"]
[EventCountry "RUS"]
[Source "lmi"]
[SourceDate "2007.01.25"]

1. Nf3 Nf6 2. g3 d5 3. d4 Bf5 4. c4 dxc4 5. Qa4+ c6 6. Qxc4 e6 7. Bg2 Be7 8.
O-O O-O 9. a4 Na6 10. Nc3 h6 11. Ne5 Nb4 12. e4 Bh7 13. a5 Nd7 14. Nxd7 Qxd7
15. Na4 Na6 16. Be3 Qc7 17. Rfc1 Rac8 18. Bf4 Bd6 19. Bd2 e5 20. Nc5 exd4 21.
Nxa6 bxa6 22. Qxd4 Be5 23. Qc5 Bxb2 24. Bf4 Qd7 25. Rd1 Qe6 26. Rab1 Bf6 27.
Qxa7 g5 28. Rd6 Qa2 29. Rbd1 Bg7 30. Be3 Qxa5 31. h3 Rfe8 32. Rd7 Qa2 33. Bd4
Bf8 34. Ba1 c5 35. e5 Bg6 36. Bd5 Qc2 37. Re1 Qf5 38. e6 Red8 39. Rxf7 Bxf7 40.
Qxf7+ 1-0

[Event "FINEC 2007 WGM"]
[Site "St. Petersburg RUS"]
[Date "2007.01.29"]
[Round "5.1"]
[White "Petrenko, Svetlana"]
[Black "Lupik, Marina"]
[Result "0-1"]
[WhiteElo "2319"]
[BlackElo "2209"]
[PlyCount "104"]
[EventDate "2007.01.25"]
[EventType "tourn"]
[EventRounds "9"]
[EventCountry "RUS"]
[Source "lmi"]
[SourceDate "2007.01.25"]

1. e4 c6 2. d4 d5 3. Nc3 dxe4 4. Nxe4 Nd7 5. Bc4 Ngf6 6. Ng5 e6 7. N1f3 h6 8.
Nh3 Bd6 9. Nf4 Nb6 10. Bb3 O-O 11. O-O c5 12. dxc5 Bxc5 13. Nd3 Bd6 14. c4 Qc7
15. Qc2 Nbd7 16. Re1 b6 17. h3 Bb7 18. Nd4 Nc5 19. Nxc5 Bxc5 20. Be3 Rfd8 21.
Rad1 e5 22. Nf3 Bxf3 23. gxf3 Rxd1 24. Rxd1 e4 25. f4 Re8 26. Qd2 Qc8 27. Kh2
Qf5 28. Rg1 Be7 29. Bd1 Rd8 30. Qc1 Bd6 31. Bg4 Qa5 32. a3 Nxg4+ 33. Rxg4 Qh5
34. Qc3 Bf8 35. Qe5 f5 36. Rg1 Qf7 37. b4 Bd6 38. Qc3 Qc7 39. Kh1 Rd7 40. Qc1
Qd8 41. c5 bxc5 42. bxc5 Bc7 43. Qc4+ Rf7 44. Qc1 Qh4 45. Rg3 Kh7 46. Qc4 Qh5
47. c6 g5 48. Bd4 gxf4 49. Rg2 f3 50. Rh2 Bxh2 51. Kxh2 Qg6 52. Qf1 Qd6+ 0-1

[Event "FINEC 2007 WGM"]
[Site "St. Petersburg RUS"]
[Date "2007.01.29"]
[Round "5.2"]
[White "Gromova, Iulia"]
[Black "Sirotkina, Nina"]
[Result "1-0"]
[WhiteElo "2255"]
[BlackElo "2284"]
[PlyCount "85"]
[EventDate "2007.01.25"]
[EventType "tourn"]
[EventRounds "9"]
[EventCountry "RUS"]
[Source "lmi"]
[SourceDate "2007.01.25"]

1. d4 Nf6 2. c4 e6 3. Nf3 b6 4. g3 Ba6 5. b3 Bb4+ 6. Bd2 Be7 7. Bg2 c6 8. Bc3
d5 9. Nbd2 Nbd7 10. O-O O-O 11. e4 dxe4 12. Ne5 Qc7 13. Nxe4 Bb7 14. Qe2 c5 15.
Nxd7 Qxd7 16. dxc5 Nxe4 17. Bxe4 Bxe4 18. Qxe4 Bxc5 19. b4 Be7 20. Rad1 Qc8 21.
Qg4 e5 22. Qe4 Qe6 23. Rfe1 Bf6 24. Rd5 Rac8 25. c5 bxc5 26. bxc5 Rfd8 27. Red1
Rxd5 28. Rxd5 h6 29. Bxe5 Re8 30. f4 Qa6 31. a4 Qc6 32. Qd4 Bxe5 33. fxe5 Rb8
34. Rd8+ Rxd8 35. Qxd8+ Kh7 36. Qd3+ g6 37. Qd6 Qf3 38. Qf6 Qd1+ 39. Qf1 Qd5
40. Qf2 Kg8 41. Qe3 h5 42. Qc3 Qc6 43. Kf2 1-0

[Event "FINEC 2007 WGM"]
[Site "St. Petersburg RUS"]
[Date "2007.01.29"]
[Round "5.3"]
[White "Eidelson, Rakhil"]
[Black "Golubenko, Valentina"]
[Result "1/2-1/2"]
[WhiteElo "2181"]
[BlackElo "2261"]
[PlyCount "87"]
[EventDate "2007.01.25"]
[EventType "tourn"]
[EventRounds "9"]
[EventCountry "RUS"]
[Source "lmi"]
[SourceDate "2007.01.25"]

1. d4 Nf6 2. Nf3 c5 3. d5 b5 4. Bg5 Qa5+ 5. c3 Ne4 6. Qc2 Nxg5 7. Nxg5 h6 8.
Nf3 d6 9. e4 Nd7 10. Nfd2 Rb8 11. Be2 g6 12. O-O Bg7 13. a4 b4 14. Nc4 Qd8 15.
Nbd2 O-O 16. Nb3 Nb6 17. Nba5 Bd7 18. Nxb6 axb6 19. Nc6 Bxc6 20. dxc6 bxc3 21.
bxc3 Qc7 22. Bb5 e6 23. Rad1 Kh7 24. Qb3 Rfe8 25. g3 f5 26. Rfe1 fxe4 27. Rxe4
d5 28. Re2 c4 29. Qc2 Rbd8 30. Kg2 Rd6 31. f4 Qf7 32. Rde1 Rc8 33. Re3 Rc7 34.
Qe2 Re7 35. Qa2 Ra7 36. Qe2 Re7 37. Qa2 Qf5 38. Qa3 d4 39. Qxd6 dxe3 40. Qxe7
Qc2+ 41. Kh3 Qf5+ 42. Kg2 Qc2+ 43. Kh3 Qf5+ 44. Kg2 1/2-1/2

[Event "FINEC 2007 WGM"]
[Site "St. Petersburg RUS"]
[Date "2007.01.29"]
[Round "5.4"]
[White "Kostiuk, Tatiana"]
[Black "Kirillova, Varvara"]
[Result "1/2-1/2"]
[WhiteElo "2224"]
[BlackElo "2216"]
[PlyCount "85"]
[EventDate "2007.01.25"]
[EventType "tourn"]
[EventRounds "9"]
[EventCountry "RUS"]
[Source "lmi"]
[SourceDate "2007.01.25"]

1. d4 Nf6 2. Nf3 g6 3. g4 Bg7 4. Bg2 O-O 5. c4 d6 6. Nc3 c6 7. O-O Qa5 8. h3
Be6 9. Nd2 Rc8 10. d5 cxd5 11. Nb3 Qd8 12. cxd5 Bd7 13. Be3 Na6 14. Rc1 Rc4 15.
a3 Rac8 16. Nd2 Ba4 17. Qe1 R4c7 18. Bxa7 Nd7 19. Be3 Bxc3 20. bxc3 Rxc3 21.
Rxc3 Rxc3 22. Nb1 Rc8 23. Nc3 Bb3 24. Qa1 Nac5 25. Qb2 Qa5 26. Rc1 Ra8 27. Nb1
Qb5 28. Nc3 Qa6 29. Ne4 Qxa3 30. Qxa3 Rxa3 31. Nxc5 Nxc5 32. Bxc5 dxc5 33. Rxc5
Ra1+ 34. Kh2 Ra2 35. Rb5 Bc4 36. Rxb7 Rxe2 37. Kg1 Re5 38. Rc7 Ba2 39. f4 Re2
40. Bf3 Rd2 41. Rxe7 Rd3 42. Kf2 Bxd5 43. Bxd5 1/2-1/2

[Event "FINEC 2007 WGM"]
[Site "St. Petersburg RUS"]
[Date "2007.01.29"]
[Round "5.5"]
[White "Solovjova, Valentina"]
[Black "Kuzevanova, Evgenia"]
[Result "1-0"]
[WhiteElo "2267"]
[BlackElo "2172"]
[PlyCount "137"]
[EventDate "2007.01.25"]
[EventType "tourn"]
[EventRounds "9"]
[EventCountry "RUS"]
[Source "lmi"]
[SourceDate "2007.01.25"]

1. e4 c5 2. Nf3 Nc6 3. d4 cxd4 4. Nxd4 Nf6 5. Nc3 e5 6. Ndb5 d6 7. Bg5 a6 8.
Na3 b5 9. Nd5 Be7 10. Bxf6 Bxf6 11. c3 O-O 12. Nc2 Bg5 13. a4 bxa4 14. Rxa4 a5
15. Bc4 Rb8 16. b3 Kh8 17. Nce3 Bxe3 18. Nxe3 Ne7 19. O-O f5 20. exf5 Nxf5 21.
Nxf5 Bxf5 22. Qd5 Bd7 23. Ra2 a4 24. bxa4 Qc7 25. a5 Bc6 26. Qd3 Rf4 27. Bd5
Bb5 28. c4 Rd4 29. Qf3 Bxc4 30. Bxc4 Qxc4 31. Raa1 Rf4 32. Qe3 Qa6 33. Rfb1
Rff8 34. Rb6 Rxb6 35. Qxb6 Ra8 36. Qxa6 Rxa6 37. Kf1 Kg8 38. Ke2 Kf7 39. Kd3 d5
40. Kc3 Ke6 41. Kb4 Kd6 42. Kb5 Ra8 43. a6 d4 44. a7 Kd5 45. Kb6 e4 46. Kb7 Rd8
47. Rc1 d3 48. Rc8 Rd7+ 49. Rc7 Rd8 50. a8=Q Rxa8 51. Kxa8 Kd6 52. Ra7 Ke5 53.
Rxg7 h5 54. Rg5+ Kd4 55. Rxh5 d2 56. Rh8 Kd3 57. Rd8+ Kc2 58. h4 d1=Q 59. Rxd1
Kxd1 60. h5 Ke1 61. h6 Kxf2 62. h7 Kxg2 63. h8=Q e3 64. Qe5 Kf2 65. Kb7 e2 66.
Qf4+ Kg2 67. Qe3 Kf1 68. Qf3+ Ke1 69. Kc6 1-0

[Event "FINEC 2007 WGM"]
[Site "St. Petersburg RUS"]
[Date "2007.01.30"]
[Round "6.1"]
[White "Lupik, Marina"]
[Black "Kuzevanova, Evgenia"]
[Result "1-0"]
[WhiteElo "2209"]
[BlackElo "2172"]
[PlyCount "123"]
[EventDate "2007.01.25"]
[EventType "tourn"]
[EventRounds "9"]
[EventCountry "RUS"]
[Source "lmi"]
[SourceDate "2007.01.25"]

1. d4 Nf6 2. c4 g6 3. Nc3 d5 4. cxd5 Nxd5 5. e4 Nxc3 6. bxc3 c5 7. Bc4 Bg7 8.
Ne2 O-O 9. O-O Nc6 10. Be3 Qc7 11. Rc1 Rd8 12. Bf4 e5 13. Bg5 Rd6 14. d5 Na5
15. Bd3 c4 16. Bb1 f6 17. Be3 b5 18. f4 Nb7 19. Qd2 Rd8 20. a4 bxa4 21. Qa2 Bf8
22. fxe5 fxe5 23. Bg5 Re8 24. Qxa4 Bd7 25. Qa2 a5 26. Kh1 Nd6 27. Ng1 Bg7 28.
Nf3 a4 29. Qe2 a3 30. Ba2 Rab8 31. Rb1 Ba4 32. Bc1 Rxb1 33. Bxb1 Nb5 34. Qd2
Bb3 35. Ng5 Bh6 36. h4 Qd6 37. Ba2 Bxg5 38. hxg5 Rf8 39. Rf3 Qc5 40. Bb1 Ra8
41. Ba2 Nd6 42. Re3 Qb6 43. Re1 Nb5 44. Rf1 Qc5 45. Rf3 Nd6 46. Re3 Qb6 47. Re1
Bxa2 48. Qxa2 Qb3 49. Qd2 a2 50. Bb2 Rb8 51. Ba1 Qb1 52. Kh2 Qb3 53. Qf2 Qb6
54. Qxa2 Rf8 55. Re2 Rf1 56. Qb2 Qg1+ 57. Kg3 Qa7 58. Qb4 Qe7 59. Kh2 Rxa1 60.
Rf2 Qxg5 61. Qb8+ Kg7 62. Qf8# 1-0

[Event "FINEC 2007 WGM"]
[Site "St. Petersburg RUS"]
[Date "2007.01.30"]
[Round "6.2"]
[White "Kirillova, Varvara"]
[Black "Solovjova, Valentina"]
[Result "1-0"]
[WhiteElo "2216"]
[BlackElo "2267"]
[PlyCount "95"]
[EventDate "2007.01.25"]
[EventType "tourn"]
[EventRounds "9"]
[EventCountry "RUS"]
[Source "lmi"]
[SourceDate "2007.01.25"]

1. e4 c6 2. d4 d5 3. e5 c5 4. dxc5 e6 5. Bf4 Bxc5 6. c3 Qb6 7. Qc2 Bd7 8. Nf3
Bb5 9. b4 Be7 10. Bxb5+ Qxb5 11. Nd4 Qd7 12. Nd2 Nc6 13. N2f3 Nxd4 14. Nxd4 Rc8
15. Qd3 Bf8 16. O-O Ne7 17. Be3 Nc6 18. f4 Be7 19. Nb3 Qc7 20. Rf3 b6 21. Rh3
g6 22. a4 Nb8 23. Bf2 Qc4 24. Qxc4 Rxc4 25. Rf3 Bd8 26. a5 Nd7 27. axb6 axb6
28. Nd4 g5 29. Ra8 O-O 30. g3 Kg7 31. Nb5 gxf4 32. gxf4 Bh4 33. Ra7 Bxf2+ 34.
Kxf2 Rd8 35. Rb7 Rcc8 36. Rg3+ Kf8 37. Rg1 Ra8 38. Na7 Nb8 39. Ra1 Nd7 40. Rd1
Ke8 41. Rg1 Rdb8 42. Rg8+ Nf8 43. Rc7 Rd8 44. Ke3 Rd7 45. Rxf8+ Kxf8 46. Rxd7
Kg7 47. Nb5 Kg6 48. Ra7 1-0

[Event "FINEC 2007 WGM"]
[Site "St. Petersburg RUS"]
[Date "2007.01.30"]
[Round "6.3"]
[White "Golubenko, Valentina"]
[Black "Kostiuk, Tatiana"]
[Result "1-0"]
[WhiteElo "2261"]
[BlackElo "2224"]
[PlyCount "79"]
[EventDate "2007.01.25"]
[EventType "tourn"]
[EventRounds "9"]
[EventCountry "RUS"]
[Source "lmi"]
[SourceDate "2007.01.25"]

1. Nf3 Nf6 2. c4 g6 3. Nc3 Bg7 4. d4 d6 5. e4 O-O 6. Be2 Na6 7. O-O e5 8. Re1
Qe8 9. dxe5 dxe5 10. Be3 Ng4 11. Bg5 f6 12. Bd2 Nh6 13. c5 Nxc5 14. Qc1 Nf7 15.
Nd5 Ne6 16. Nxc7 Nxc7 17. Qxc7 Qd8 18. Rac1 Qxc7 19. Rxc7 Be6 20. Rxb7 Nd6 21.
Rb4 Rfb8 22. Bf1 Bxa2 23. Ra1 Be6 24. Rxa7 Rxa7 25. Rxb8+ Kf7 26. Rb4 Ra1 27.
g3 Bh3 28. Ne1 Bh6 29. Bc3 Bd7 30. Kg2 f5 31. Nd3 fxe4 32. Nxe5+ Ke6 33. Rb6
Bf8 34. Bc4+ Ke7 35. Bb4 Rd1 36. Rb7 Rd4 37. Rxd7+ Kf6 38. Bxd6 Bxd6 39. Ng4+
Kg5 40. Ne3 1-0

[Event "FINEC 2007 WGM"]
[Site "St. Petersburg RUS"]
[Date "2007.01.30"]
[Round "6.4"]
[White "Sirotkina, Nina"]
[Black "Eidelson, Rakhil"]
[Result "1/2-1/2"]
[WhiteElo "2284"]
[BlackElo "2181"]
[PlyCount "20"]
[EventDate "2007.01.25"]
[EventType "tourn"]
[EventRounds "9"]
[EventCountry "RUS"]
[Source "lmi"]
[SourceDate "2007.01.25"]

1. Nf3 Nf6 2. g3 g6 3. Bg2 Bg7 4. O-O O-O 5. d4 d6 6. c4 Nbd7 7. Nc3 e5 8. dxe5
dxe5 9. h3 c6 10. Be3 Qe7 1/2-1/2

[Event "FINEC 2007 WGM"]
[Site "St. Petersburg RUS"]
[Date "2007.01.30"]
[Round "6.5"]
[White "Petrenko, Svetlana"]
[Black "Gromova, Iulia"]
[Result "1-0"]
[WhiteElo "2319"]
[BlackElo "2255"]
[PlyCount "51"]
[EventDate "2007.01.25"]
[EventType "tourn"]
[EventRounds "9"]
[EventCountry "RUS"]
[Source "lmi"]
[SourceDate "2007.01.25"]

1. e4 c6 2. d4 d5 3. Nc3 dxe4 4. Nxe4 Bf5 5. Ng3 Bg6 6. h4 h6 7. h5 Bh7 8. Nf3
Nf6 9. Bd3 Bxd3 10. Qxd3 e6 11. Be3 Qa5+ 12. c3 Nbd7 13. Bf4 Be7 14. a3 c5 15.
O-O cxd4 16. b4 Qb6 17. Nxd4 e5 18. Rae1 exf4 19. Ngf5 Ng8 20. Nxe7 Nxe7 21.
Nf5 O-O-O 22. Rxe7 Ne5 23. Qe4 Nd3 24. Nd4 Nb2 25. Qxf4 Na4 26. Nb5 1-0

[Event "FINEC 2007 WGM"]
[Site "St. Petersburg RUS"]
[Date "2007.01.31"]
[Round "7.1"]
[White "Gromova, Iulia"]
[Black "Lupik, Marina"]
[Result "1-0"]
[WhiteElo "2255"]
[BlackElo "2209"]
[PlyCount "85"]
[EventDate "2007.01.25"]
[EventType "tourn"]
[EventRounds "9"]
[EventCountry "RUS"]
[Source "lmi"]
[SourceDate "2007.01.25"]

1. d4 Nf6 2. c4 e6 3. Nf3 d5 4. Nc3 Bb4 5. Bg5 h6 6. Bxf6 Qxf6 7. e3 O-O 8. Qb3
Bxc3+ 9. bxc3 Rd8 10. Ne5 c5 11. cxd5 exd5 12. Be2 Nc6 13. Nxc6 Qxc6 14. O-O
Bf5 15. Bf3 Rac8 16. h3 b6 17. a4 Qg6 18. Kh1 Bd3 19. Rg1 Bc4 20. Qb2 Rc6 21.
Rge1 Bd3 22. a5 b5 23. Be2 cxd4 24. exd4 Bxe2 25. Rxe2 a6 26. Re3 Rdc8 27. Rae1
Rc4 28. Rg3 Qc6 29. Ree3 Ra4 30. Qe2 Rxa5 31. Qg4 Ra1+ 32. Kh2 g6 33. Qf4 Kg7
34. Rgf3 Qc7 35. Re5 Rf8 36. Qf6+ Kg8 37. g3 Qd8 38. Re7 Ra3 39. h4 b4 40. h5
g5 41. Rf5 Rxc3 42. Rxg5+ hxg5 43. h6 1-0

[Event "FINEC 2007 WGM"]
[Site "St. Petersburg RUS"]
[Date "2007.01.31"]
[Round "7.2"]
[White "Eidelson, Rakhil"]
[Black "Petrenko, Svetlana"]
[Result "1/2-1/2"]
[WhiteElo "2181"]
[BlackElo "2319"]
[PlyCount "162"]
[EventDate "2007.01.25"]
[EventType "tourn"]
[EventRounds "9"]
[EventCountry "RUS"]
[Source "lmi"]
[SourceDate "2007.01.25"]

1. d4 g6 2. e4 Bg7 3. Nc3 d6 4. h3 Nd7 5. Nf3 c6 6. a4 Qc7 7. a5 Ngf6 8. Be3
O-O 9. Qc1 e5 10. dxe5 dxe5 11. Bc4 Ne8 12. O-O Nd6 13. Bb3 a6 14. Rd1 Nb5 15.
Ne2 c5 16. Ng3 Nd4 17. Nxd4 cxd4 18. Bh6 Qd8 19. Bxg7 Kxg7 20. c3 Nc5 21. Bd5
Ne6 22. Bxe6 fxe6 23. Qd2 Qf6 24. Rac1 Rd8 25. cxd4 exd4 26. Rc7+ Kg8 27. Qh6
Rd7 28. Rdc1 Qd8 29. R7c5 d3 30. e5 b6 31. axb6 Bb7 32. Rc7 d2 33. Rd1 Rxc7 34.
bxc7 Qd5 35. f3 Qxe5 36. Qxd2 Qxc7 37. Ne2 Rf8 38. Qd6 Qc4 39. Nc3 Qb3 40. Qe5
Bd5 41. Rd2 Qb6+ 42. Kh1 Rf5 43. Nxd5 exd5 44. Qc3 Qe6 45. Rc2 Re5 46. Qc8+
Qxc8 47. Rxc8+ Kf7 48. Ra8 Re6 49. Rd8 Re1+ 50. Kh2 Rd1 51. Rd6 a5 52. Ra6 Rb1
53. Rxa5 Ke6 54. Kg3 Rxb2 55. Ra8 Ke5 56. Re8+ Kd4 57. Re7 Kc3 58. Rxh7 d4 59.
Rc7+ Kd3 60. Re7 Re2 61. Ra7 Kc4 62. Rc7+ Kd5 63. Rd7+ Kc4 64. Rc7+ Kb5 65.
Rb7+ Kc6 66. Rb3 Kc5 67. h4 Re6 68. Kf2 Kc4 69. Rb8 d3 70. Rc8+ Kd4 71. Rd8+
Kc3 72. f4 Re4 73. Rc8+ Kd2 74. Kf3 Re3+ 75. Kf2 Re2+ 76. Kf1 Re4 77. g3 Ke3
78. Ke1 Kf3+ 79. Kd2 Kxg3 80. Rg8 Kxh4 81. Rxg6 Rxf4 1/2-1/2

[Event "FINEC 2007 WGM"]
[Site "St. Petersburg RUS"]
[Date "2007.01.31"]
[Round "7.3"]
[White "Kostiuk, Tatiana"]
[Black "Sirotkina, Nina"]
[Result "1/2-1/2"]
[WhiteElo "2224"]
[BlackElo "2284"]
[PlyCount "37"]
[EventDate "2007.01.25"]
[EventType "tourn"]
[EventRounds "9"]
[EventCountry "RUS"]
[Source "lmi"]
[SourceDate "2007.01.25"]

1. d4 c5 2. d5 e5 3. Nc3 d6 4. e4 Nf6 5. Be2 Be7 6. Nf3 O-O 7. O-O Ne8 8. Nd2
g6 9. Nc4 Bg5 10. f4 exf4 11. Bxf4 Bxf4 12. Rxf4 Nd7 13. Qd2 Qe7 14. Rf2 Ne5
15. Nxe5 Qxe5 16. Raf1 a6 17. a4 b6 18. Bd3 Ra7 19. Qe2 1/2-1/2

[Event "FINEC 2007 WGM"]
[Site "St. Petersburg RUS"]
[Date "2007.01.31"]
[Round "7.4"]
[White "Solovjova, Valentina"]
[Black "Golubenko, Valentina"]
[Result "1-0"]
[WhiteElo "2267"]
[BlackElo "2261"]
[PlyCount "119"]
[EventDate "2007.01.25"]
[EventType "tourn"]
[EventRounds "9"]
[EventCountry "RUS"]
[Source "lmi"]
[SourceDate "2007.01.25"]

1. e4 e5 2. Nf3 Nc6 3. d4 exd4 4. Bc4 Nf6 5. O-O Nxe4 6. Re1 d5 7. Bxd5 Qxd5 8.
Nc3 Qa5 9. Nxe4 Be6 10. Bg5 h6 11. Bh4 Ne7 12. Qxd4 Nf5 13. Nf6+ gxf6 14. Qxf6
Bg7 15. Rxe6+ Kf8 16. Re5 Bxf6 17. Bxf6 Qb6 18. Rxf5 Rh7 19. Ne5 Qe6 20. Rf3
Rg7 21. Rd1 Re8 22. h4 Kg8 23. Rd4 c5 24. Rdf4 Rg6 25. Nxg6 fxg6 26. Bc3 Rd8
27. Rf6 Qe4 28. R3f4 Qe8 29. Rf3 Qe4 30. g3 g5 31. Rf7 Rd4 32. Bxd4 cxd4 33. h5
Qe1+ 34. Kg2 Qe4 35. Kf1 Qe6 36. Rf8+ Kg7 37. R3f7+ Qxf7 38. Rxf7+ Kxf7 39. f3
Ke6 40. Ke2 Ke5 41. Kd3 Kd5 42. c3 dxc3 43. Kxc3 b5 44. b4 Ke5 45. Kd3 Kd5 46.
f4 gxf4 47. gxf4 Ke6 48. Ke4 Kf6 49. f5 Kf7 50. Ke5 Ke7 51. f6+ Kf7 52. Kf5 Kf8
53. Ke6 Ke8 54. f7+ Kf8 55. Kf6 a6 56. Ke6 a5 57. bxa5 b4 58. a6 b3 59. axb3
Kg7 60. a7 1-0

[Event "FINEC 2007 WGM"]
[Site "St. Petersburg RUS"]
[Date "2007.01.31"]
[Round "7.5"]
[White "Kuzevanova, Evgenia"]
[Black "Kirillova, Varvara"]
[Result "1/2-1/2"]
[WhiteElo "2172"]
[BlackElo "2216"]
[PlyCount "98"]
[EventDate "2007.01.25"]
[EventType "tourn"]
[EventRounds "9"]
[EventCountry "RUS"]
[Source "lmi"]
[SourceDate "2007.01.25"]

1. e4 c5 2. Nf3 Nc6 3. d4 cxd4 4. Nxd4 g6 5. c4 Bg7 6. Be3 Nf6 7. Nc3 O-O 8.
Be2 b6 9. O-O Bb7 10. f3 Ne8 11. Rc1 f5 12. Nxc6 Bxc6 13. exf5 gxf5 14. b4 e6
15. Qb3 f4 16. Bf2 Nd6 17. c5 bxc5 18. Bxc5 Nf5 19. Rfd1 Rf7 20. Ne4 Qh4 21.
Bf2 Qh6 22. b5 Bxe4 23. fxe4 Ne3 24. Re1 Raf8 25. Bf3 Be5 26. Kh1 Rg7 27. Rg1
Bd4 28. a4 Ng4 29. Bxg4 Bxf2 30. Bf3 Bxg1 31. Kxg1 Qf6 32. Qb4 h5 33. a5 h4 34.
h3 e5 35. b6 axb6 36. axb6 Rg6 37. Rb1 Rb8 38. b7 Qc6 39. Be2 Rg7 40. Bf3 d6
41. Qb3+ Kh7 42. Qe6 Qd7 43. Qf6 Qe7 44. Qf5+ Kg8 45. Be2 d5 46. Qc8+ Qf8 47.
Qe6+ Qf7 48. Qc8+ Qf8 49. Qe6+ Qf7 1/2-1/2

[Event "FINEC 2007 WGM"]
[Site "St. Petersburg RUS"]
[Date "2007.02.01"]
[Round "8.1"]
[White "Lupik, Marina"]
[Black "Kirillova, Varvara"]
[Result "0-1"]
[WhiteElo "2209"]
[BlackElo "2216"]
[PlyCount "82"]
[EventDate "2007.01.25"]
[EventType "tourn"]
[EventRounds "9"]
[EventCountry "RUS"]
[Source "lmi"]
[SourceDate "2007.01.25"]

1. d4 Nf6 2. c4 g6 3. Nc3 Bg7 4. e4 O-O 5. Be2 d6 6. Nf3 e5 7. Be3 Nbd7 8. O-O
c6 9. d5 Qe7 10. b4 cxd5 11. cxd5 a6 12. a4 Nh5 13. Rc1 h6 14. Qd2 Kh7 15. Ne1
Ndf6 16. a5 Bd7 17. f3 Rac8 18. Nd3 g5 19. Nb2 g4 20. Nba4 g3 21. h3 Nf4 22.
Bxf4 exf4 23. Qxf4 Nh5 24. Qe3 Qh4 25. e5 Bxe5 26. Qe4+ Qxe4 27. fxe4 Nf4 28.
Nb6 Bxc3 29. Nxd7 Nxe2+ 30. Kh1 Nxc1 31. Nxf8+ Rxf8 32. Rxc1 Bxb4 33. Rc7 Bxa5
34. Rxb7 Kg6 35. Kg1 Rc8 36. Kf1 Rc2 37. Rb3 Bc3 38. Rb8 Rf2+ 39. Kg1 Re2 40.
Rg8+ Bg7 41. Kf1 Rxe4 0-1

[Event "FINEC 2007 WGM"]
[Site "St. Petersburg RUS"]
[Date "2007.02.01"]
[Round "8.2"]
[White "Golubenko, Valentina"]
[Black "Kuzevanova, Evgenia"]
[Result "1-0"]
[WhiteElo "2261"]
[BlackElo "2172"]
[PlyCount "111"]
[EventDate "2007.01.25"]
[EventType "tourn"]
[EventRounds "9"]
[EventCountry "RUS"]
[Source "lmi"]
[SourceDate "2007.01.25"]

1. Nf3 e6 2. d4 f5 3. d5 Be7 4. g3 Nf6 5. c4 d6 6. dxe6 Bxe6 7. Nd4 Bd7 8. Bg2
Nc6 9. Nc3 O-O 10. O-O Kh8 11. e3 Rb8 12. Qc2 Ng4 13. Nd5 Bf6 14. Rd1 a5 15. a3
Rc8 16. Rb1 f4 17. Nxc6 bxc6 18. Nxf4 Be5 19. h3 Nxf2 20. Qxf2 g5 21. Qd2 gxf4
22. exf4 Bf6 23. Qxa5 Bf5 24. Ra1 c5 25. Be3 Qe7 26. Bf2 Bxb2 27. Ra2 Qg7 28.
Rxb2 Qxb2 29. Be1 Qc2 30. Bc3+ Kg8 31. Bd5+ Rf7 32. Re1 Kf8 33. g4 Bd7 34. f5
Bxf5 35. Bxf7 Be4 36. Rxe4 Qxe4 37. Bd5 Qe3+ 38. Kg2 Qe2+ 39. Kg3 Qe3+ 40. Bf3
Qg1+ 41. Kf4 Ke7 42. g5 Qh2+ 43. Kg4 h5+ 44. Kf5 Qxh3+ 45. Kf4 Qh2+ 46. Ke3 Qh3
47. Qb5 Qf5 48. Bf6+ Kf8 49. Qc6 Re8+ 50. Kf2 Qf4 51. Bg7+ Kf7 52. Qd7+ Re7 53.
g6+ Kxg6 54. Qxe7 Qd2+ 55. Kg3 h4+ 56. Kg4 1-0

[Event "FINEC 2007 WGM"]
[Site "St. Petersburg RUS"]
[Date "2007.02.01"]
[Round "8.4"]
[White "Petrenko, Svetlana"]
[Black "Kostiuk, Tatiana"]
[Result "0-1"]
[WhiteElo "2319"]
[BlackElo "2224"]
[PlyCount "108"]
[EventDate "2007.01.25"]
[EventType "tourn"]
[EventRounds "9"]
[EventCountry "RUS"]
[Source "lmi"]
[SourceDate "2007.01.25"]

1. e4 e5 2. Nf3 Nc6 3. Bb5 a6 4. Ba4 Nf6 5. O-O Be7 6. Nc3 b5 7. Bb3 d6 8. Bd5
Nxd5 9. exd5 Nd4 10. Nxd4 exd4 11. Ne2 Bf6 12. Ng3 O-O 13. f4 Bb7 14. Qf3 Rc8
15. d3 c5 16. dxc6 Bxc6 17. Qf2 Bd5 18. Nf5 Qd7 19. Nxd4 Bxd4 20. Qxd4 Bb7 21.
Rf2 Rfe8 22. Bd2 Qc6 23. Bc3 f6 24. f5 Re7 25. Qg4 Kh8 26. Re1 Rce8 27. Re6 Qc5
28. Bb4 Qd5 29. Rxd6 Re1+ 30. Rf1 Rxf1+ 31. Kxf1 Qxa2 32. Re6 Qb1+ 33. Be1 Rg8
34. Re7 Bc6 35. Qd4 Qxc2 36. Re2 Qb3 37. h4 Qd5 38. Qxd5 Bxd5 39. Re7 Ra8 40.
Ba5 Kg8 41. Rd7 Bb3 42. Kf2 Rc8 43. Bc3 a5 44. Bxa5 Rc2+ 45. Kg3 Rxb2 46. Bb4
g6 47. Bc3 Rc2 48. Bxf6 gxf5 49. Rg7+ Kf8 50. Rxh7 Bd5 51. Kf4 Rxg2 52. Kxf5
Bf7 53. h5 b4 54. h6 Bg6+ 0-1